00891 2200301 4500001002100000005001500021008004100036020002200077035001900099041000700118082000800125090001400133100002200147245001900169260002800188300002000216990003200236990003300268990003200301990003200333990003200365990003200397990003200429990003200461990003200493990003200525990003200557INLIS00000000003185120241224133307241224||||||||| | ||| |||| || |  a978-623-346-931-9 0010-1224031851 aid0 a188 a188 HEN f0 aHenry Manampiring00aFilosofi Teras aJakartabGramediac2023 a324 hlm.:22 cm. a1.3.5.01.001.001.012.001088 a1.3.5.01.001.001.012.0000584 a1.3.5.01.001.001.012.000627 a1.3.5.01.001.001.012.000948 a1.3.5.01.001.001.012.001108 a1.3.5.01.001.001.012.001048 a1.3.5.01.001.001.012.000968 a1.3.5.01.001.001.012.000988 a1.3.5.01.001.001.012.001008 a1.3.5.01.001.001.012.001068 a1.3.5.01.001.001.012.001028